Rutas pedagógicas en matemáticas: ¿azar o construcción?

Este libro da cuenta del estudio que "una empresa docente" de la Universidad de los Andes, por iniciatia y con el apoyo del Instituto para la Investigación Educativa y el Desarrollo Pedagogico, IDEP, llevó a cabo con la intención de describir aspectos de la práctica docente del profesor d...

ver descrição completa

Na minha lista:
Detalhes bibliográficos
Autor principal: ANDRADE, Luisa ... [et.al]
Outros Autores: ANDRADE, Luisa
Formato: Livro
Idioma:Spanish
Publicado em: Bogotá Instituto para la Investigación para la Investigación Educativa y el Desarrollo Pedagógico, IDEP; Una empresa docente 2003
Assuntos:
Acesso em linha:Para acceder al PDF haga clic aquí
Tags: Adicionar Tag
Sem tags, seja o primeiro a adicionar uma tag!

MARC

LEADER 00000nam a2200000 a 4500
001 001452
003 OSt
005 20181012101103.0
008 081203p2003 ck spa
999 |c 3604  |d 3604 
020 |a 958-8066-30-1 
040 |c CNA-IDEP 
041 |a spa 
043 |a ck 
082 |a 510.7/  |b R972r 
100 |a ANDRADE, Luisa ... [et.al]  |9 5369 
245 0 0 |a Rutas pedagógicas en matemáticas: ¿azar o construcción? 
260 |a Bogotá  |b Instituto para la Investigación para la Investigación Educativa y el Desarrollo Pedagógico, IDEP; Una empresa docente  |c 2003 
300 |a 115p.  |c 23x16cm 
520 |a Este libro da cuenta del estudio que "una empresa docente" de la Universidad de los Andes, por iniciatia y con el apoyo del Instituto para la Investigación Educativa y el Desarrollo Pedagogico, IDEP, llevó a cabo con la intención de describir aspectos de la práctica docente del profesor de matemáticas en instotuciones de educación básica secundaria de Bogotá. El estudio acopio información de diversas fuentes, elaboró un marco conceptual para hcer las descripción y considero una gran y variada cantidad de aspectos que pueden ayudar a comprender cómo sucede la enseñanza en tanto práctica sociocultural. La práctica docente del profesor de matemáticas observada bajo el lente de la conceptualización construida, se percibe como una práctica que difiere en alguna medida de la denominada "tradicional", pero que aún así no alcanza a transformar la manera de abordar las matemáticas. 
650 1 |a MATEMÁTICAS -- ENSEÑANZA  |9 5370 
650 |a CAPACITACIÓN DOCENTE EN MATEMÁTICAS  |9 5371 
700 |a ANDRADE, Luisa  |9 5372 
856 |u http://biblioteca.idep.edu.co/libros/rutas_pedagogicas_en_matematica.pdf  |y Para acceder al PDF haga clic aquí 
942 |2 ddc  |c BK